Princíp zdanenia podľa platobnej schopnosti versus zdanenie podľa úžitku v medzinárodnom prostredí
Súčasné uplatňovanie zdanenia podľa rezidencie a zdanenia pri zdroji v medzinárodnom prostredí. Opodstatnenosť využitia uvedených princípov ako východísk pre zdanenie príjmov v medzinárodnom prostredí.
Salvato in:
| Autore principale: | |
|---|---|
| Natura: | Capitolo di libro |
| Lingua: | slovacco |
| Soggetti: | |
| Tags: |
Nessun Tag, puoi essere il primo ad aggiungerne!!
|
MARC
| LEADER | 00000nla a2200000 4500 | ||
|---|---|---|---|
| 001 | 0199321 | ||
| 005 | 20240502073354.8 | ||
| 041 | 0 | |a slo | |
| 044 | |a SK | ||
| 245 | 1 | 0 | |a Princíp zdanenia podľa platobnej schopnosti versus zdanenie podľa úžitku v medzinárodnom prostredí |c Martin Geško |
| 520 | |a Súčasné uplatňovanie zdanenia podľa rezidencie a zdanenia pri zdroji v medzinárodnom prostredí. Opodstatnenosť využitia uvedených princípov ako východísk pre zdanenie príjmov v medzinárodnom prostredí. | ||
| 610 | 2 | 0 | |a dane z príjmov |
| 610 | 2 | 0 | |a zdaňovanie medzinárodné |
| 610 | 2 | 0 | |a rezidenti |
| 610 | 2 | 0 | |a povinnosť daňová |
| 610 | 2 | 0 | |a sadzby daňové |
| 610 | 2 | 0 | |a základ dane |
| 610 | 2 | 0 | |a politika daňová |
| 100 | 1 | |a Geško, Martin | |